Vrai ou faux - Union Soviétique (URSS) - Statistiques

Statistiques générales
  • Ce quiz a été pris 25 498 fois
  • Le résultat moyen est 11 sur 15
Statistiques - réponses
Question Réponse % Correct
Le drapeau de l'URSS était principalement rouge. Vrai
97%
L'URSS est le premier pays à avoir envoyé un satellite en orbite autour de la Terre. Vrai
89%
L'Union soviétique a signé un pacte de non-agression avec l'Allemagne nazie. Vrai
84%
L'URSS a envoyé un homme sur la Lune quatre ans avant que les États-Unis ne le fassent. Faux
83%
L'Union soviétique a déplacé des lanceurs de missiles nucléaires à Cuba en 1962, mais les a retirés peu de temps après. Vrai
83%
Youri Gagarine est le premier homme de l'histoire à être allé dans l'espace. Vrai
82%
Le Kazakhstan faisait partie de l'Union soviétique. Vrai
81%
Avant de mourir, Lénine nomma Staline comme successeur. Faux
69%
L'URSS a envahi l'Afghanistan. Vrai
67%
Tetris a été inventé en URSS. Vrai
67%
Durant la période 1925-1961, la ville de Moscou était connue sous le nom de Stalingrad. Faux
56%
Le pacte de Varsovie incluait l'URSS, la Chine, la Corée du Nord et le Viêt Nam. Faux
56%
L'Union soviétique avait une base militaire située au Groënland. Faux
54%
L'URSS avait une population plus élevé que les États-Unis en 1989. Vrai
53%
Environ 30% des membre du Politburo étaient des femmes. Faux
43%
Aucun quiz correspondant
Distribution des résultats
% des personnes avec chaque résultat
Percentile par nombre de réponses
Votre historique - résultats
Vous n’avez pas pris ce quiz